Open government in Costa Rica

Guardado en:
Detalles Bibliográficos
Formato: Libro
Lenguaje:inglés
Publicado: Paris OECD 2016
Colección:OECD public governance reviews
Materias:
Etiquetas: Agregar Etiqueta
Sin Etiquetas, Sea el primero en etiquetar este registro!

MARC

LEADER 00000nam a2200000 4500
001 0231133
005 20240314123400.8
020 |a 978-92-64-26541-7 
041 0 |a eng 
044 |a FR 
245 1 0 |a Open government in Costa Rica 
264 1 |a Paris  |b OECD  |c 2016 
300 |a 250 s. 
490 1 |a OECD public governance reviews 
830 0 |a OECD public governance reviews 
610 2 0 |a správa verejná 
610 2 0 |a politika verejná 
610 2 0 |a služby verejné 
610 2 0 |a iniciatíva pracovná 
610 2 0 |a transparentnosť 
610 2 0 |a spokojnosť zákazníkov 
610 2 0 |a legislatíva 
610 2 0 |a inštitúcie verejnoprávne 
610 2 0 |a riadenie administratívne 
610 2 0 |a štát 
610 2 0 |a hospodárstvo otvorené 
610 2 0 |a Kostarika